01448nam a22002657a 4500999001500000001000600015003000900021005001700030008004100047040002800088082001900116100002300135245008100158260004300239300003000282650003900312942001200351952011700363952011700480952011700597952011700714952011700831952011700948952011701065 c1299d129914437BD-DhUAP20200205115929.0200205s1995 bg ||||| |||| 00| 0 eng d aBD-DhUAPcBD-DhUAPbEng 223a342.73 MAL aMalik, M. A.99116 aOutlines of the constitution of the United States of America /cM. A. Malik. aLahore :bP. L. D. publishers,cc1995. aviii, 159 pages ;c22 cm. aConstitutional lawzUnited States. 2ddccBK 00102ddc4070aUAPCLbUAPCLcGeneral Stacksd2020-02-05o342.73 MALp3010014437r2020-02-05t1w2020-02-05yBK 00102ddc4070aUAPCLbUAPCLcGeneral Stacksd2020-02-05o342.73 MALp3010014435r2020-02-05t2w2020-02-05yBK 00102ddc4070aUAPCLbUAPCLcGeneral Stacksd2020-02-05o342.73 MALp3010014434r2020-02-05t3w2020-02-05yBK 00102ddc4070aUAPCLbUAPCLcGeneral Stacksd2020-02-05o342.73 MALp3010014436r2020-02-05t4w2020-02-05yBK 00102ddc4070aUAPCLbUAPCLcGeneral Stacksd2020-02-05o342.73 MALp3010014438r2020-02-05t5w2020-02-05yBK 00102ddc4070aUAPCLbUAPCLcGeneral Stacksd2020-02-05o342.73 MALp3010009355r2020-02-05t6w2020-02-05yBK 00102ddc4070aUAPCLbUAPCLcReserve Stacksd2020-02-05o342.73 MALp3010009460r2021-01-27t7w2020-02-05yBK